| 000 | 00499nam a2200181Ia 4500 | ||
|---|---|---|---|
| 003 | LDD | ||
| 008 | 181101s9999 xx 000 0 und d | ||
| 020 |
_a9789382775089 _c240.00 |
||
| 040 | _cLDD | ||
| 100 | _aHanfi, Shamim | ||
| 245 | 0 |
_aMiraji aur un ka nigarkhana _cShamim Hanfi |
|
| 260 |
_aDelhi _bDilli Kitab Ghar _c2013 |
||
| 300 | _a160p. | ||
| 901 |
_a15921 _b17-03-2017 |
||
| 902 |
_a2841 _b17-03-2017 _cF _dPIBD _e8U |
||
| 903 |
_a20 _bReqst by : Mohd. Akbar |
||
| 942 |
_2ddc _cUR |
||
| 999 |
_c319 _d319 |
||